Nová genarace válečkových plošných textílií s nosným účinkem

Bibliographic Details
Main Authors: Korger, M. (Author), Jiříček, J. (Author)
Format: Article
Language:Czech
PhysicalDescription:Obr. 1., lit. 4 zázn. v češ., angl., nem.
Subjects:

MARC

LEADER 00000nab a2200000 a 4500
001 vtls000249737
003 SK-MaSNL
005 20260302212009.0
008 160201c1986 xo 0 cze
015 |a SNBRA19rr/mm-uuuuu 
035 |a CL0259851 
040 |a SNKBUCL  |b slo  |c SNKBUCL  |e AACR2 
041 0 |a cze 
044 |a xo  |c SK 
080 |a 66.047.58:676.027.15  |2 1981 
080 |a 676.027.15  |2 1981 
080 |a 677.027.15  |2 1981 
100 1 |a Korger, M.  |4 aut  |9 936030 
245 1 0 |a Nová genarace válečkových plošných textílií s nosným účinkem  |c M. Korger, J. Jiříček 
300 |b Obr. 1., lit. 4 zázn. v češ., angl., nem. 
650 0 7 |a textílie  |2 snkbucl  |9 26276 
650 0 7 |a sušiarne valčekové  |2 snkbucl  |9 936109 
655 7 |a články zo zborníkov  |2 snkbucl  |9 166140 
700 1 |a Jiříček, J.  |4 aut  |9 805637 
773 0 |t Nové poznatky výskumu ako prostriedok k zabezpečovaniu vývoja energeticky nenáročných sušiarní. 2. diel  |d Bratislava : Dom techniky ČSVTS, 1986  |g S. 64-67 
850 |a Slovenská národná knižnica v Martine  |a MTA001 
852 |a SNK  |b KIS3GCP 
958 |a RK 
958 |a CZ 
992 |a RZB 
999 |c 1487285  |d 1489215